000 00845nam a2200265 a 4500
001 BRCA_1969
005 20190320203624.0
008 941014s --1987sp-a---##d---#000-0#spa-d
020 _a8420652229
040 _aDZM
_cDZM
041 _aspa
_heng
050 4 _aNK30
_b.F54 1987
100 1 _aFleming, John
_96044
245 1 0 _aDiccionario de las artes decorativas
_cJohn Fleming, Hugh Honour ; traducción María Luisa Balseiro.
260 _aMadrid
_bAlianza
_cc1987
300 _a932 p.
_bil.
_c24 cm.
440 0 _aAlianza diccionarios
_96045
500 _aTraducción de : The Penguin Dictionary of Decorative Arts
650 1 4 _aArte decorativo
_vDiccionarios
_96046
700 1 _aHonour, Hugh
_96047
700 1 _aBalseiro, María Luisa
_91445
740 0 _aThe Penguin Dictionary of Decorative Arts
902 _aREF
942 _2lcc
_cB
999 _c1738
_d1738